ANSEL'S PHARMACEUTICAL DOSAGE FORMS AND DRUG DELIVERY SYSTEMS (Record no. 32828)

MARC details
000 -LEADER
fixed length control field 00381nam a22001577a 4500
003 - CONTROL NUMBER IDENTIFIER
control field SGT
020 ## - INTERNATIONAL STANDARD BOOK NUMBER
International Standard Book Number 9789393553522
082 ## - DEWEY DECIMAL CLASSIFICATION NUMBER
Classification number 615.13
Item number ALL
100 ## - MAIN ENTRY--PERSONAL NAME
Personal name ALLEN LOYD V
245 ## - TITLE STATEMENT
Title ANSEL'S PHARMACEUTICAL DOSAGE FORMS AND DRUG DELIVERY SYSTEMS
250 ## - EDITION STATEMENT
Edition statement 12TH
260 ## - PUBLICATION, DISTRIBUTION, ETC. (IMPRINT)
Place of publication, distribution, etc INDIA
Name of publisher, distributor, etc WOLTER KLUWER PUB
Year of Publication 2023
300 ## - PAGE DESCRIPTION
No. of Pages 656
650 ## - SUBJECT ADDED ENTRY--TOPICAL TERM
Topical term or geographic name as entry element PHARMACEUTICAL
942 ## - ADDED ENTRY ELEMENTS (KOHA)
Source of classification or shelving scheme Dewey Decimal Classification
Koha item type Books
Holdings
Withdrawn status Lost status Source of classification or shelving scheme Damaged status Not for loan Collection code Home library Current library Shelving location Date acquired Vendor Name Cost, normal purchase price SGTU Bill Number Full call number Accession No. (Barcode) Date last seen Bill Date Koha item type Total Checkouts
    Dewey Decimal Classification   Not For Loan SCIENCE SGT Science & Social Sciences Library SGT Science & Social Sciences Library Reference Book 16/10/2025 ABC DELHI 2499.00 SGTU 21721 615.13 ALL DP351 16/10/2025 17/09/2025 Books  
    Dewey Decimal Classification     SCIENCE SGT Science & Social Sciences Library SGT Science & Social Sciences Library Text Book 16/10/2025 ABC DELHI 2499.00 SGTU 21721 615.13 ALL DP352 16/10/2025 17/09/2025 Books  
    Dewey Decimal Classification     SCIENCE SGT Science & Social Sciences Library SGT Science & Social Sciences Library Text Book 16/10/2025 ABC DELHI 2499.00 SGTU 21721 615.13 ALL DP353 16/10/2025 17/09/2025 Books  
    Dewey Decimal Classification     SCIENCE SGT Science & Social Sciences Library SGT Science & Social Sciences Library Text Book 16/10/2025 ABC DELHI 2499.00 SGTU 21721 615.13 ALL DP354 16/10/2025 17/09/2025 Books  
    Dewey Decimal Classification     SCIENCE SGT Science & Social Sciences Library SGT Science & Social Sciences Library Text Book 16/10/2025 ABC DELHI 2499.00 SGTU 21721 615.13 ALL DP355 16/10/2025 17/09/2025 Books